000 00481nam a22001937a 4500
003 koha_MIRAKIL
005 20231213100247.0
008 231213b |||||||| |||| 00| 0 ||| d
020 _b978-9-94469239-7
040 _aTR-IsEVY
_btur
_cTR-IsEVY
082 _aFIC MOR/T
100 _aMorpurgo, Michael.
245 0 _aTekboynuzlara inanıyorum
260 _bTudem,
_c2008
300 _a100 s.
650 _aEnglish fiction.
650 _aİngiliz romanı.
942 _2ddc
_cBK
999 _c17119
_d17119